000 00660nam a2200217Ia 4500
003 OSt
005 20220218143054.0
008 210716s2010 xx 000 0 und d
020 _a9780198069911
040 _cAIMIT LIBRARY
041 _aeng
082 _a658.001
_21
_bGILA
100 _aGillespie, Andrew.
_920941
245 _aBusiness economics /
_cBy Andrew Gillespie.
250 _a1st ed.
_bIndian edition
260 _aNew Delhi :
_bOxford University Press ,
_c2010 .
300 _axix,458p. ;
_c24 cm.
650 _aAnalysing Market Structure.
_920942
650 _aInternational Business and Trade.
_920943
942 _2ddc
_cBK
_e1st
_k658.001 GILA
999 _c206795
_d206795